000 00680nam a2200241Ia 4500
003 OSt
005 20221005125503.0
006 a|||||r|||| 00| 0
007 ta
008 221004b |||||||| |||| 00| 0 eng d
024 _a60459
037 _cTextual
040 _aCRL
_cCRL
_beng
041 _2eng
_aeng
082 _aV2:7, J6
100 _aSubbarao Bendapudi
_9102588
245 0 _aPersonality of India
_b A study in the development of material culture of India and Pakistan.
260 _c1956
490 _aM. S. University archaelogy serieas; 3
650 _aHISTORY
942 _hV2:7, J6
_cTEXL
_2cc
999 _c1054164
_d1054164